000 00472nam a2200217Ia 4500
008 210210b1940 xxu||||| |||| 00| 0 eng d
041 _aeng
082 _a882/6
100 _aBANA
245 _aHarshacharita uchchavasas by SAstri Si Es Ar
260 _aMaDras
_b-
_c1940
650 _auchchavasas
650 _aSi
650 _aSAstri
650 _aHarshacharita
650 _aEs
650 _aby
650 _aAr
690 _aLiterature
906 _a024272
999 _c149745
_d149745